Stati con le Chiese più alte - Statistics

Statistiche generali
  • Questo quiz è stato fatto 21 volte
  • Il punteggio medio è 13 su 15
Statistiche sulle risposte
Chiesa Altezza (m) Continente Nazione % Corretto
Duomo di Vienna 136,4 Europa Austria
95%
Duomo di Linz 134,8 Europa Austria
95%
Basilica di San Pietro in Vaticano 136,6 Europa Città del Vaticano
95%
Cattedrale di Notre-Dame 151 Europa Francia
95%
Cattedrale di Strasburgo 142 Europa Francia
95%
Ulm Minster 161,5 Europa Germania
95%
Duomo di Colonia 157,4 Europa Germania
95%
Chiesa di San Nicola 147,3 Europa Germania
95%
Chiesa di San Pietro 132,2 Europa Germania
95%
Chiesa di San Michele 132,1 Europa Germania
95%
Collegiata di San Martino 130,6 Europa Germania
95%
Sagrada Família 138 Europa Spagna
90%
Santuario di Nostra Signora di Licheń 141,5 Europa Polonia
67%
Cattedrale della Salvezza del Popolo 135 Europa Romania
43%
Basilica di Nostra Signora della Pace 158 Africa Costa d'Avorio
29%
Nessun quiz corrispondente trovato
Distribuzione punteggi
Percentuale di utenti per punteggio
Percentile per numero di risposta
I tuoi punteggi nel tempo
Non hai fatto questo quiz